Step-by-step problem solving (Record no. 379175)

000 -LEADER
fixed length control field 00429cam a22001457a 4500
008 - FIXED-LENGTH DATA ELEMENTS--GENERAL INFORMATION
fixed length control field 180718b1995 xxu||||| |||| 00| 0 eng d
082 ## - DEWEY DECIMAL CLASSIFICATION NUMBER
Classification number T254 C362s (N)
100 ## - MAIN ENTRY--PERSONAL NAME
Personal name Chang, Richard Y.
245 ## - TITLE STATEMENT
Title Step-by-step problem solving
Statement of responsibility, etc. by Richard Y. Chang and P. Keith Kelly
260 ## - PUBLICATION, DISTRIBUTION, ETC.
Place of publication, distribution, etc. London
Name of publisher, distributor, etc. Kogan Page
Date of publication, distribution, etc. 1995
300 ## - PHYSICAL DESCRIPTION
Extent 106p.
440 ## - SERIES STATEMENT/ADDED ENTRY--TITLE
Title Quality improvement series
650 ## - SUBJECT ADDED ENTRY--TOPICAL TERM
Topical term or geographic name entry element Quality control
700 ## - ADDED ENTRY--PERSONAL NAME
Personal name Kelly, P. Keith

No items available.

Powered by Koha